000 00223nam a2200085Ia 4500
245 0 _aThe Snagglegrollop
100 _a POSTGATE, Daniel Frome, 2009
_9103388
942 _cBK
008 210817s9999 xx 000 0 und d
999 _c456399
_d456400